Chiaroscuro : (Record no. 25640)

000 -LEADER
fixed length control field 01498cam a2200361 a 4500
001 - CONTROL NUMBER
control field 3961014
003 - CONTROL NUMBER IDENTIFIER
control field OSt
005 - DATE AND TIME OF LATEST TRANSACTION
control field 20170201091109.0
008 - FIXED-LENGTH DATA ELEMENTS--GENERAL INFORMATION
fixed length control field 940616s1994 alua c l000 0 eng
010 ## - LIBRARY OF CONGRESS CONTROL NUMBER
LC control number 94028550
020 ## - INTERNATIONAL STANDARD BOOK NUMBER
International Standard Book Number 0892800348
040 ## - CATALOGING SOURCE
Original cataloging agency DLC
Transcribing agency DLC
Modifying agency DLC
043 ## - GEOGRAPHIC AREA CODE
Geographic area code n-usu--
050 00 - LIBRARY OF CONGRESS CALL NUMBER
Classification number N6520
Item number .M66 1994
082 00 - DEWEY DECIMAL CLASSIFICATION NUMBER
Classification number 709/.75/07476147
Edition number 20
111 2# - MAIN ENTRY--MEETING NAME
Meeting name or jurisdiction name as entry element Montgomery Biennial
Number of part/section/meeting (2nd :
Date of meeting 1994)
245 10 - TITLE STATEMENT
Title Chiaroscuro :
Remainder of title a contemporary study of light and dark : an exhibition /
Statement of responsibility, etc. curated by Jane Kessler and Curators' Forum.
260 ## - PUBLICATION, DISTRIBUTION, ETC. (IMPRINT)
Place of publication, distribution, etc. Montgomery :
Name of publisher, distributor, etc. The Museum,
Date of publication, distribution, etc. c1994.
300 ## - PHYSICAL DESCRIPTION
Extent 1v. (unpaged) :
Other physical details col. ill. ;
Dimensions 28 cm.
500 ## - GENERAL NOTE
General note "Montgomery Museum of Fine Arts, Montgomery, Alabama, September 18-October 30, 1994."
500 ## - GENERAL NOTE
General note "Montgomery 1994 biennial."
650 #0 - SUBJECT ADDED ENTRY--TOPICAL TERM
Topical term or geographic name as entry element Art, American
Geographic subdivision Southern States
Chronological subdivision 20th century
Form subdivision Exhibitions.
650 #0 - SUBJECT ADDED ENTRY--TOPICAL TERM
Topical term or geographic name as entry element Regionalism in art
Geographic subdivision Southern States
Form subdivision Exhibitions.
650 #0 - SUBJECT ADDED ENTRY--TOPICAL TERM
Topical term or geographic name as entry element Chiaroscuro
Form subdivision Exhibitions.
650 #0 - SUBJECT ADDED ENTRY--TOPICAL TERM
Topical term or geographic name as entry element Art and society
Form subdivision Exhibitions.
700 1# - ADDED ENTRY--PERSONAL NAME
Personal name Kessler, Jane.
710 2# - ADDED ENTRY--CORPORATE NAME
Corporate name or jurisdiction name as entry element Montgomery Museum of Fine Arts.
710 2# - ADDED ENTRY--CORPORATE NAME
Corporate name or jurisdiction name as entry element Curators' Forum (Charlotte, N.C.)
906 ## - LOCAL DATA ELEMENT F, LDF (RLIN)
a 7
b cbc
c orignew
d 1
e ocip
f 19
g y-gencatlg
942 ## - ADDED ENTRY ELEMENTS (KOHA)
Source of classification or shelving scheme
Koha item type Hard Covered Materials
Classification part N 6520 .M66 1994

No items available.

© Machakos University Library, Along The Highway, Machakos Wote Rd, Machakos, Kenya P.O. Box 136 - 90100 Machakos - Kenya

Tel: ( +254 ) 723 805829 OR Fax : 044-20353 OR Email: library@mksu.ac.ke